Trên bục giảng
Câu chuyện đặc sắc về một người đàn ông phi thường đã vượt qua bệnh tật, khó khăn để đạt được thành công trong cuộc sống; tấm gương về khả năng học hỏi, vươn lên và vận dụng kiến thức đã được học vào cuộc sống một cách có sa...
Zapisane w:
| 1. autor: | |
|---|---|
| Format: | Książka |
| Język: | Undetermined |
| Wydane: |
Hà Nội
Phụ nữ
2012
|
| Hasła przedmiotowe: | |
| Etykiety: |
Dodaj etykietę
Nie ma etykietki, Dołącz pierwszą etykiete!
|
| Thư viện lưu trữ: | Trung tâm Học liệu Trường Đại học Cần Thơ |
|---|
| LEADER | 01043nam a2200205Ia 4500 | ||
|---|---|---|---|
| 001 | CTU_181167 | ||
| 008 | 210402s9999 xx 000 0 und d | ||
| 020 | |c 100000 | ||
| 082 | |a 616.83 | ||
| 082 | |b C678 | ||
| 100 | |a Cohen, Brad | ||
| 245 | 0 | |a Trên bục giảng | |
| 245 | 0 | |c Brad Cohen, Lisa Wysocky ; Uông Xuân Vy, Vi Thảo Nguyên (Dịch giả) | |
| 260 | |a Hà Nội | ||
| 260 | |b Phụ nữ | ||
| 260 | |c 2012 | ||
| 520 | |a Câu chuyện đặc sắc về một người đàn ông phi thường đã vượt qua bệnh tật, khó khăn để đạt được thành công trong cuộc sống; tấm gương về khả năng học hỏi, vươn lên và vận dụng kiến thức đã được học vào cuộc sống một cách có sáng tạo, sống với giá trị thực của bản thân | ||
| 650 | |a Tourette syndrome,Hội chứng Tourette | ||
| 904 | |i Hải | ||
| 980 | |a Trung tâm Học liệu Trường Đại học Cần Thơ | ||